[Event "HUN-chT2 Maroczy 1112"]
[Site "Hungary"]
[Date "2012.03.11"]
[Round "7"]
[White "Barocsi, Adam Attila"]
[Black "Gorbe, Szabolcs"]
[Result "1-0"]
[WhiteElo "2059"]
[BlackElo "1906"]
[PlyCount "53"]
[EventDate "2011.09.25"]
[EventType "team-tourn"]
[EventRounds "11"]
[EventCountry "HUN"]
[SourceTitle "EXT 2013"]
[Source "ChessBase"]
[SourceDate "2012.11.22"]
[SourceVersion "1"]
[SourceVersionDate "2012.11.22"]
[SourceQuality "1"]
[WhiteTeam "Maroczy"]
[BlackTeam "Nyiregyhaza"]
[WhiteTeamCountry "HUN"]
[BlackTeamCountry "HUN"]

1. e4 e5 2. Nf3 Nf6 3. Nxe5 d6 4. Nf3 Nxe4 5. Nc3 Nxc3 6. dxc3 Be7 7. h3 Nd7 8. Bf4 0-0 9. Be2 Bf6 10. 0-0 Nc5 11. Bc4 b5 12. Bd5 Rb8 13. Nd4 Bxd4 14. cxd4 Qf6 15. Bg3 Ne6 16. c3 Bb7 17. Qb3 b4 18. Bxe6 Qxe6 19. c4 Qe4 20. d5 Ba6 21. Rac1 Rfe8 22. Rfd1 h5 23. c5 h4 24. Bh2 dxc5 25. Bxc7 c4 26. Qa4 Rbc8 27. Qxa6 1-0

[Event "HUN-chT U18"]
[Site "Miskolc"]
[Date "2011.11.03"]
[Round "3.3"]
[White "Barocsi, Adam Attila"]
[Black "Valyi, Blanka Borbala"]
[Result "1-0"]
[WhiteElo "2059"]
[BlackElo "1797"]
[PlyCount "99"]
[EventDate "2011.11.02"]
[EventType "team-swiss"]
[EventRounds "8"]
[EventCountry "HUN"]
[SourceTitle "EXT 2012"]
[Source "ChessBase"]
[SourceDate "2011.11.24"]
[SourceVersion "1"]
[SourceVersionDate "2011.11.24"]
[SourceQuality "1"]
[WhiteTeam "Maroczy"]
[BlackTeam "Roszke"]
[WhiteTeamCountry "HUN"]
[BlackTeamCountry "HUN"]

1. e4 c5 2. Nf3 d6 3. d4 cxd4 4. Nxd4 Nf6 5. Nc3 g6 6. Be3 Bg7 7. f3 Nc6 8. Qd2 0-0 9. Bc4 Bd7 10. 0-0-0 Rc8 11. Bb3 Ne5 12. g4 Nc4 13. Bxc4 Rxc4 14. h4 h5 15. Nb3 Qc7 16. gxh5 Nxh5 17. Nd5 Qd8 18. Rdg1 e6 19. Nf4 Nxf4 20. Bxf4 Qf6 21. c3 Rfc8 22. Kb1 Ba4 23. h5 b5 24. h6 Bf8 25. Bxd6 Bxd6 26. Qxd6 b4 27. h7+ Kh8 28. Na5 Rxc3 29. Qxb4 Rc2 30. Ka1 Qe5 31. Rb1 Rb8 32. Nc4 Rxb4 33. Nxe5 Be8 34. Rhc1 Rxc1 35. Rxc1 Kxh7 36. Rc8 Bb5 37. Rc7 a6 38. Rxf7+ Kg8 39. Rf6 Rd4 40. b3 Rd6 41. Rxg6+ Kf8 42. Rf6+ Ke8 43. Kb2 Be2 44. Kc3 Bb5 45. a4 Bd7 46. Rh6 Ke7 47. Rh7+ Ke8 48. Rxd7 Rxd7 49. Nxd7 Kxd7 50. f4 1-0

[Event "HUN-ch U16"]
[Site "Celldoemoelk"]
[Date "2011.06.28"]
[Round "2"]
[White "Tesik, Csaba"]
[Black "Barocsi, Adam Attila"]
[Result "1-0"]
[WhiteElo "2299"]
[BlackElo "2051"]
[PlyCount "51"]
[EventDate "2011.06.27"]
[EventType "swiss"]
[EventRounds "7"]
[EventCountry "HUN"]
[SourceTitle "EXT 2012"]
[Source "ChessBase"]
[SourceDate "2011.11.24"]
[SourceVersion "1"]
[SourceVersionDate "2011.11.24"]
[SourceQuality "1"]

1. e4 d5 2. exd5 Qxd5 3. Nc3 Qa5 4. d4 Nf6 5. Nf3 Bg4 6. h3 Bh5 7. Bc4 e6 8. Bd2 c6 9. d5 Qc5 10. dxc6 Nxc6 11. Bb3 Rd8 12. Rg1 Qf5 13. g4 Nxg4 14. hxg4 Bxg4 15. Rxg4 Qxg4 16. Qe2 Bb4 17. 0-0-0 Bxc3 18. bxc3 0-0 19. Rg1 Qh5 20. Qe4 Qf5 21. Qxf5 exf5 22. Bh6 Rfe8 23. Rxg7+ Kh8 24. Ng5 Ne5 25. Rxh7+ Kg8 26. Bxf7+ 1-0

[Event "HUN-ch U16"]
[Site "Celldoemoelk"]
[Date "2011.06.27"]
[Round "1"]
[White "Barocsi, Adam Attila"]
[Black "Pajor, Matyas"]
[Result "1-0"]
[WhiteElo "2051"]
[BlackElo "1770"]
[PlyCount "141"]
[EventDate "2011.06.27"]
[EventType "swiss"]
[EventRounds "7"]
[EventCountry "HUN"]
[SourceTitle "EXT 2012"]
[Source "ChessBase"]
[SourceDate "2011.11.24"]
[SourceVersion "1"]
[SourceVersionDate "2011.11.24"]
[SourceQuality "1"]

1. e4 c5 2. Nc3 d6 3. g3 Nf6 4. Bg2 e6 5. Nge2 Nc6 6. 0-0 Be7 7. d4 cxd4 8. Nxd4 Nxd4 9. Qxd4 a6 10. h3 Qc7 11. Be3 0-0 12. a4 Bd7 13. Rfd1 Bc6 14. a5 Rac8 15. Qd2 Qd7 16. f4 Ne8 17. g4 Bd8 18. Qf2 Qe7 19. g5 f6 20. h4 f5 21. exf5 Rxf5 22. Bh3 Rf8 23. Qg3 g6 24. Bd4 Ng7 25. Bxg7 Kxg7 26. Re1 Bd7 27. Re2 Qf7 28. Rf2 d5 29. Qg4 Rc5 30. f5 Rxa5 31. Rxa5 Bxa5 32. Qd4+ Kg8 33. fxe6 Qxf2+ 34. Qxf2 Rxf2 35. Kxf2 Bxc3 36. exd7 Ba5 37. Be6+ Kf8 38. Bxd5 Ke7 39. Bxb7 Bb6+ 40. Kf3 a5 41. Bd5 Kxd7 42. Bg8 Ke7 43. Bxh7 Kf7 44. h5 gxh5 45. Kg3 Kg7 46. Bf5 Bd4 47. b3 Bc3 48. Kh4 Be1+ 49. Kxh5 Bc3 50. Kg4 Bd2 51. c4 Be3 52. Be6 Kg6 53. Bf5+ Kg7 54. Bd7 Kg6 55. Be8+ Kg7 56. Kf5 Kf8 57. Bc6 Kg7 58. g6 Bc5 59. Be8 Kf8 60. Ke6 Bd4 61. Bf7 Be3 62. Kd6 Bf4+ 63. Kc6 Ke7 64. Kb5 Bd2 65. c5 Bc3 66. Kb6 Bd4 67. Kb5 Bc3 68. Bd5 Kf6 69. Be4 Ke6 70. c6 Kd6 71. Kb6 1-0

[Event "HUN-chT2 Toth 1011"]
[Site "Hungary"]
[Date "2011.04.10"]
[Round "8.4"]
[White "Barocsi, Adam Attila"]
[Black "Abel, Imre"]
[Result "1-0"]
[WhiteElo "2015"]
[BlackElo "2066"]
[PlyCount "49"]
[EventDate "2010.09.12"]
[EventType "team-tourn"]
[EventRounds "11"]
[EventCountry "HUN"]
[SourceTitle "EXT 2012"]
[Source "ChessBase"]
[SourceDate "2011.11.24"]
[SourceVersion "1"]
[SourceVersionDate "2011.11.24"]
[SourceQuality "1"]
[WhiteTeam "Maroczy II"]
[BlackTeam "Abony"]
[WhiteTeamCountry "HUN"]
[BlackTeamCountry "HUN"]

1. e4 c5 2. Nf3 d6 3. d4 cxd4 4. Nxd4 Nf6 5. Nc3 a6 6. Be2 e5 7. Nb3 Be6 8. 0-0 Nbd7 9. f4 Rc8 10. Bf3 Qc7 11. Rf2 a5 12. Be3 b6 13. f5 Bc4 14. g4 h6 15. h4 Be7 16. g5 Ng8 17. Bh5 hxg5 18. hxg5 b5 19. Rh2 Nb6 20. Bxf7+ Bxf7 21. Rxh8 b4 22. g6 Bc4 23. Nd5 Bxd5 24. exd5 Kd7 25. Qd3 1-0

[Event "HUN-chT2 Toth 1011"]
[Site "Hungary"]
[Date "2011.03.27"]
[Round "7.2"]
[White "Barocsi, Adam Attila"]
[Black "Chereches, Marius"]
[Result "1/2-1/2"]
[WhiteElo "2015"]
[BlackElo "2268"]
[PlyCount "127"]
[EventDate "2010.09.12"]
[EventType "team-tourn"]
[EventRounds "11"]
[EventCountry "HUN"]
[SourceTitle "EXT 2012"]
[Source "ChessBase"]
[SourceDate "2011.11.24"]
[SourceVersion "1"]
[SourceVersionDate "2011.11.24"]
[SourceQuality "1"]
[WhiteTeam "Maroczy II"]
[BlackTeam "Gyula"]
[WhiteTeamCountry "HUN"]
[BlackTeamCountry "HUN"]

1. e4 c5 2. Nf3 e6 3. c4 Nc6 4. d4 cxd4 5. Nxd4 Nf6 6. Nxc6 bxc6 7. Qc2 Bc5 8. Be2 Qb6 9. 0-0 d5 10. Nc3 Bd4 11. exd5 cxd5 12. cxd5 0-0 13. Nb5 Nxd5 14. Nxd4 Qxd4 15. Rd1 Qb6 16. Bf3 Bb7 17. Bxd5 Bxd5 18. Be3 Qb7 19. f3 Rfc8 20. Qf2 a5 21. Bd4 f6 22. b3 a4 23. Rab1 axb3 24. axb3 e5 25. Bc5 e4 26. f4 Re8 27. Qe3 Ra2 28. Rd4 Qf7 29. b4 Bc4 30. Re1 Qg6 31. Qg3 Qxg3 32. hxg3 Bb5 33. Rdxe4 Rxe4 34. Rxe4 Bc6 35. Re6 Bxg2 36. b5 h5 37. b6 Bd5 38. Re3 Rb2 39. Rd3 Be4 40. Re3 f5 41. Rc3 Kh7 42. Bd4 Rb4 43. Bc5 Rb2 44. Bd4 Rb4 45. Bc5 Rb1+ 46. Kf2 Kh6 47. Be3 Rb2+ 48. Kf1 h4 49. gxh4 Kh5 50. Bf2 Kg4 51. Rg3+ Kxf4 52. Rxg7 Bf3 53. h5 Rb1+ 54. Be1 Bxh5 55. b7 Kf3 56. Rc7 f4 57. Rc3+ Kg4 58. Rc4 Rxb7 59. Bd2 Kg3 60. Bxf4+ Kf3 61. Bd2 Rb1+ 62. Rc1 Rb2 63. Rc3+ Ke4 64. Re3+ 1/2-1/2

[Event "HUN-chT2 Toth 0910"]
[Site "Hungary"]
[Date "2009.12.06"]
[Round "3.7"]
[White "Barocsi, Adam Attila"]
[Black "Bor, Ferenc"]
[Result "1-0"]
[WhiteElo "1914"]
[BlackElo "2025"]
[PlyCount "73"]
[EventDate "2009.11.08"]
[EventType "team-tourn"]
[EventRounds "11"]
[EventCountry "HUN"]
[SourceTitle "EXT 2011"]
[Source "ChessBase"]
[SourceDate "2010.11.26"]
[SourceVersion "1"]
[SourceVersionDate "2010.11.26"]
[SourceQuality "1"]
[WhiteTeam "Maroczy II"]
[BlackTeam "Kkfhazi Honved"]
[WhiteTeamCountry "HUN"]
[BlackTeamCountry "HUN"]

1. e4 Nc6 2. d4 d5 3. e5 Bf5 4. Nc3 Qd7 5. a3 a6 6. Nge2 e6 7. Ng3 Bg6 8. Be2 f6 9. f4 Bf7 10. 0-0 f5 11. Be3 g6 12. Qd2 Be7 13. Na2 b5 14. Nb4 Na7 15. Nxa6 Nc6 16. Bxb5 Rxa6 17. Bxa6 Nb8 18. Be2 Nh6 19. c4 dxc4 20. Bxc4 Ng4 21. Rfd1 Qc6 22. Rac1 Qb6 23. h3 Nxe3 24. Qxe3 0-0 25. b4 Rd8 26. Ne2 Be8 27. Qb3 Kf7 28. Kh2 g5 29. Qf3 h6 30. fxg5 Bxg5 31. Qxf5+ Kg7 32. Qg4 Kh7 33. Rc3 Bf7 34. h4 Be7 35. Rg3 Rg8 36. Bd3+ Kh8 37. Qe4 1-0

[Event "EU Union-ch U14 7th"]
[Site "Mureck"]
[Date "2009.08.09"]
[Round "5"]
[White "Kriebel, Tadeas"]
[Black "Barocsi, Adam Attila"]
[Result "1-0"]
[WhiteElo "2140"]
[BlackElo "1884"]
[PlyCount "165"]
[EventDate "2009.08.05"]
[EventType "swiss"]
[EventRounds "9"]
[EventCountry "AUT"]
[SourceTitle "CBM 132 Extra"]
[Source "ChessBase"]
[SourceDate "2009.11.03"]
[SourceVersion "1"]
[SourceVersionDate "2009.11.03"]
[SourceQuality "1"]

1. e4 e5 2. Nf3 Nc6 3. Bb5 a6 4. Ba4 Nf6 5. 0-0 Be7 6. Re1 b5 7. Bb3 d6 8. c3 0-0 9. h3 Na5 10. Bc2 c5 11. d4 Qc7 12. Nbd2 cxd4 13. cxd4 Nc6 14. Nb3 a5 15. Be3 a4 16. Nbd2 Bd7 17. a3 Rfe8 18. Bd3 Qb7 19. Qe2 Rab8 20. Reb1 exd4 21. Nxd4 d5 22. Nxc6 Bxc6 23. e5 Ne4 24. Nf3 f6 25. Bd4 Bc5 26. Qc2 Be7 27. exf6 Bxf6 28. Bxf6 Nxf6 29. Nd4 Bd7 30. Qd2 Qc7 31. Rc1 Qe5 32. Re1 Qd6 33. Rxe8+ Nxe8 34. Bf5 Nf6 35. Re1 Re8 36. Rxe8+ Nxe8 37. Qd3 Bxf5 38. Nxf5 Qd7 39. Qxd5+ Qxd5 40. Ne7+ Kf7 41. Nxd5 Ke6 42. Nc3 Nd6 43. Kf1 Nc4 44. Nxb5 Nxb2 45. Ke2 Kd5 46. Kd2 Nc4+ 47. Kd3 Kc5 48. Nc3 Nxa3 49. Nxa4+ Kd5 50. Nc3+ Ke5 51. g3 g5 52. f3 h6 53. Ne2 Nb5 54. f4+ gxf4 55. gxf4+ Kf5 56. Ke3 Nd6 57. Ng3+ Kg6 58. Kd4 Nf7 59. Kd5 Kf6 60. Ke4 Nd6+ 61. Kf3 Nc4 62. Nf1 Ke6 63. Ne3 Nd6 64. Kg4 Kf6 65. h4 Ne4 66. Kh5 Kg7 67. Nf5+ Kh7 68. Nxh6 Nf6+ 69. Kg5 Ne4+ 70. Kf5 Nd6+ 71. Ke6 Ne4 72. Ng4 Kg6 73. f5+ Kg7 74. f6+ Nxf6 75. Nxf6 Kg6 76. h5+ Kg5 77. Ke5 Kh6 78. Kf5 Kg7 79. Kg5 Kh8 80. Ng4 Kg7 81. h6+ Kh7 82. Ne5 Kh8 83. Kg6 1-0

[Event "HUN-ch U14"]
[Site "Balatonlelle"]
[Date "2009.07.02"]
[Round "6"]
[White "Barocsi, Adam Attila"]
[Black "Csatlos, Roland"]
[Result "1-0"]
[WhiteElo "1827"]
[BlackElo "1931"]
[PlyCount "119"]
[EventDate "2009.06.27"]
[EventType "swiss"]
[EventRounds "9"]
[EventCountry "HUN"]
[SourceTitle "EXT 2011"]
[Source "ChessBase"]
[SourceDate "2010.11.26"]
[SourceVersion "1"]
[SourceVersionDate "2010.11.26"]
[SourceQuality "1"]

1. e4 d6 2. d4 Nd7 3. c4 Ngf6 4. Nc3 e5 5. Nf3 exd4 6. Nxd4 Be7 7. Be2 0-0 8. Be3 Re8 9. Qd2 Nc5 10. f3 a5 11. 0-0 a4 12. Kh1 Nfd7 13. Ndb5 Bf8 14. Rfd1 g6 15. Bg5 f6 16. Be3 Ne6 17. f4 Kh8 18. Bf3 Nb8 19. c5 dxc5 20. Qxd8 Rxd8 21. Rxd8 Nxd8 22. Nxc7 Ra5 23. Rd1 Nbc6 24. N3b5 Ne6 25. Bd2 Nxc7 26. Nxc7 Ra7 27. Bc3 Kg7 28. e5 fxe5 29. fxe5 Kf7 30. Bd5+ Ke7 31. Rf1 Nd8 32. Bd2 h6 33. Rf6 Bf5 34. g4 Bg7 35. Rb6 Bd3 36. Ne6 Bxe5 37. Nxd8 Kxd8 38. Bxh6 Kc7 39. Re6 Bxb2 40. Bf4+ Kc8 41. Re7 Ra5 42. Bc7 Ra6 43. Bg3 Rb6 44. Rc7+ Kd8 45. Rf7 Rb4 46. Bh4+ Kc8 47. Bg3 c4 48. Be6+ Kd8 49. Bh4+ Ke8 50. Rd7 Be4+ 51. Kg1 Kf8 52. Be7+ Ke8 53. Bxb4 c3 54. Rf7 Kd8 55. Bd6 Bc6 56. Rf8+ Be8 57. Bf7 c2 58. Rxe8+ Kd7 59. Bf4 b5 60. Re2 1-0

[Event "HUN-ch U14"]
[Site "Balatonlelle"]
[Date "2009.06.29"]
[Round "3"]
[White "Mikulas, Robert"]
[Black "Barocsi, Adam Attila"]
[Result "0-1"]
[WhiteElo "1491"]
[BlackElo "1827"]
[PlyCount "62"]
[EventDate "2009.06.27"]
[EventType "swiss"]
[EventRounds "9"]
[EventCountry "HUN"]
[SourceTitle "EXT 2011"]
[Source "ChessBase"]
[SourceDate "2010.11.26"]
[SourceVersion "1"]
[SourceVersionDate "2010.11.26"]
[SourceQuality "1"]

1. d4 d5 2. Nf3 Nf6 3. c4 c6 4. Nc3 Bg4 5. e3 e6 6. Be2 Nbd7 7. 0-0 Bd6 8. b3 0-0 9. Qc2 Rc8 10. e4 dxe4 11. Nxe4 Nxe4 12. Qxe4 Nf6 13. Qd3 Qc7 14. h3 Bf5 15. Qd1 c5 16. Bd3 Bg6 17. Bxg6 hxg6 18. Bb2 Rfd8 19. Qe2 Rd7 20. Rfe1 cxd4 21. Nxd4 a6 22. Nf3 Rcd8 23. Ne5 Bxe5 24. Bxe5 Qa5 25. Bf4 Rd3 26. Kh2 R8d7 27. g4 Qc3 28. Bg3 Rd2 29. Qe3 R7d3 30. Be5 Rxe3 31. Bxc3 Rxc3 0-1

[Event "HUN-chT2 Toth 0809"]
[Site "Hungary"]
[Date "2009.04.05"]
[Round "10.9"]
[White "Barocsi, Adam Attila"]
[Black "Csak, Janos"]
[Result "1-0"]
[WhiteElo "1795"]
[BlackElo "1821"]
[PlyCount "107"]
[EventDate "2008.10.26"]
[EventType "tourn"]
[EventRounds "11"]
[EventCountry "HUN"]
[SourceTitle "EXT 2010"]
[Source "ChessBase"]
[SourceDate "2010.11.25"]
[SourceVersion "1"]
[SourceVersionDate "2010.11.25"]
[SourceQuality "1"]
[WhiteTeam "Maroczy II"]
[BlackTeam "Mezobereny"]
[WhiteTeamCountry "HUN"]
[BlackTeamCountry "HUN"]

1. e4 e5 2. Nf3 d6 3. d4 Bg4 4. dxe5 Bxf3 5. Qxf3 dxe5 6. Bc4 Nf6 7. Qb3 Qe7 8. Qxb7 Qb4+ 9. Qxb4 Bxb4+ 10. c3 Bd6 11. 0-0 Nbd7 12. Re1 0-0 13. Nd2 Nb6 14. Bb3 a5 15. Nf1 a4 16. Bc2 Rfb8 17. Ne3 h6 18. Bd3 Nbd7 19. Nc4 Nc5 20. Bc2 Kf8 21. h3 Nfd7 22. g3 Nb6 23. Ne3 Nbd7 24. Nf5 Nb6 25. Ne3 Nbd7 26. f3 Nf6 27. Rb1 Nh5 28. Kg2 Nf6 29. Rd1 Ne8 30. Nf5 Rb6 31. Be3 Rb5 32. f4 f6 33. b4 axb3 34. axb3 Ra2 35. Rd2 Ne6 36. Kf3 exf4 37. gxf4 h5 38. Bd3 Rba5 39. Rxa2 Rxa2 40. Bc4 Nd8 41. Nd4 Rh2 42. Kg3 Ra2 43. b4 Ra4 44. Bb3 Ra8 45. Kh4 c5 46. Nf5 cxb4 47. Nxd6 Nxd6 48. Bc5 Ke7 49. e5 bxc3 50. Bxd6+ Kd7 51. Rd1 g5+ 52. fxg5 fxg5+ 53. Kxg5 Ne6+ 54. Kf6 1-0

[Event "HUN-chT U18"]
[Site "Miskolc"]
[Date "2008.10.31"]
[Round "8.11"]
[White "Barocsi, Adam Attila"]
[Black "Dios, Istvan"]
[Result "0-1"]
[WhiteElo "1795"]
[BlackElo "1948"]
[PlyCount "65"]
[EventDate "2008.10.27"]
[EventType "team-swiss"]
[EventRounds "8"]
[EventCountry "HUN"]
[SourceTitle "EXT 2016"]
[Source "ChessBase"]
[SourceDate "2015.10.08"]
[SourceVersion "1"]
[SourceVersionDate "2015.10.08"]
[SourceQuality "1"]

1. e4 e5 2. Nf3 Nc6 3. Bc4 Bc5 4. 0-0 Nf6 5. d3 d6 6. h3 Na5 7. Bb3 Nxb3 8. axb3 h6 9. Nc3 a6 10. Bd2 0-0 11. Ne2 Nh7 12. Ng3 f5 13. exf5 Bxf5 14. Qe2 Qd7 15. Nxf5 Rxf5 16. Be3 Bxe3 17. Qxe3 Raf8 18. Kh2 Nf6 19. Ng1 Nd5 20. Qe4 c6 21. f3 R8f6 22. g4 Rf4 23. Qe1 Rf8 24. c4 Nc7 25. Kg2 Ne6 26. Ne2 R4f6 27. b4 Qf7 28. Qg3 Ng5 29. Ng1 e4 30. dxe4 Nxe4 31. Qe1 Ng5 32. Qe2 Qe6 33. Qc2 0-1

[Event "HUN-chT U18"]
[Site "Miskolc"]
[Date "2008.10.30"]
[Round "6.11"]
[White "Halmi, Bence"]
[Black "Barocsi, Adam Attila"]
[Result "0-1"]
[WhiteElo "1991"]
[BlackElo "1795"]
[PlyCount "82"]
[EventDate "2008.10.27"]
[EventType "team-swiss"]
[EventRounds "8"]
[EventCountry "HUN"]
[SourceTitle "EXT 2016"]
[Source "ChessBase"]
[SourceDate "2015.10.08"]
[SourceVersion "1"]
[SourceVersionDate "2015.10.08"]
[SourceQuality "1"]

1. e4 e5 2. Nf3 Nc6 3. Nc3 Nf6 4. d4 exd4 5. Nxd4 Bb4 6. Nxc6 dxc6 7. Qxd8+ Kxd8 8. Bg5 h6 9. Bxf6+ gxf6 10. 0-0-0+ Ke7 11. Be2 Be6 12. a3 Bc5 13. f3 Rhg8 14. g3 Rad8 15. Rd3 Rxd3 16. Bxd3 h5 17. Kd2 a6 18. Ne2 Bd6 19. Nc3 a5 20. Nd1 Bc5 21. Ne3 Rd8 22. Ke2 b6 23. h3 Rh8 24. Kf2 Bd7 25. Bf1 f5 26. e5 h4 27. f4 hxg3+ 28. Kf3 Be6 29. Rg1 Rg8 30. Bd3 f6 31. exf6+ Kxf6 32. Rg2 Rg7 33. c4 Bf7 34. Ke2 Bh5+ 35. Kd2 Bf3 36. Rg1 Re7 37. Ng4+ fxg4 38. Rxg3 Be3+ 39. Kc3 Bxf4 40. Rg1 g3 41. Rf1 Re3 0-1